000 00237nam a2200097Ia 4500
001 724642
005 20250826163354.0
008 250824s9999 xx 000 0 und d
245 0 _aYANGIN YILLARI
_cAHMET TELLİ
260 _bEVEREST YAYINLARI
999 _c724642
_d724642